Statistics for U.S. States in Order of Statehood

Click here to take the quiz!

General Stats

  • This quiz has been taken 35 times
  • The average score is 21 of 50

Answer Stats

DateState% Correct
December 7, 1787Delaware
100%
December 18, 1787New Jersey
89%
December 12, 1787Pennsylvania
83%
January 9, 1788Connecticut
72%
January 2, 1788Georgia
72%
February 6, 1788Massachusetts
72%
July 26, 1788New York
72%
April 28, 1788Maryland
67%
June 25, 1788Virginia
67%
June 21, 1788New Hampshire
61%
May 29, 1790Rhode Island
61%
April 30,1812Louisiana
56%
November 21, 1789North Carolina
56%
May 23, 1788South Carolina
56%
March 4, 1791Vermont
56%
January 3, 1959Alaska
50%
August 21, 1959Hawaii
50%
March 1, 1803Ohio
50%
December 11, 1816Indiana
44%
September 9, 1850California
39%
June 1, 1792Kentucky
39%
November 16, 1907Oklahoma
39%
June 1, 1796Tennessee
39%
December 29, 1845Texas
39%
December 14, 1819Alabama
33%
February 14, 1912Arizona
33%
December 3, 1818Illinois
33%
March 15, 1820Maine
33%
August 10, 1821Missouri
33%
January 27, 1912New Mexico
33%
February 14, 1859Oregon
33%
June 20, 1863West Virginia
33%
May 29, 1848Wisconsin
33%
August 1, 1876Colorado
28%
March 3, 1845Florida
28%
December 10, 1817Mississippi
28%
March 1, 1867Nebraska
28%
October 31, 1864Nevada
28%
January 4, 1896Utah
28%
June 15, 1836Arkansas
22%
July 3, 1890Idaho
22%
December 28, 1846Iowa
22%
January 29, 1861Kansas
22%
January 26, 1837Michigan
22%
May 11, 1858Minnesota
22%
November 2, 1889North Dakota
22%
November 2, 1889South Dakota
22%
July 10, 1890Wyoming
22%
November 8, 1889Montana
17%
November 11, 1889Washington
17%

Score Distribution

Percentile by Number Answered

Percent of People with Each Score

Your Score History

You have not taken this quiz